000 00274nam a22001097a 4500
008 170124b xxu||||| |||| 00| 0 eng d
020 _a9780558464158
041 _aeng
080 _a618.2
245 _aKEISER UNIVERSITY ELECTRONIC HEALTH RECORDS
_cBOLES, P.F
942 _2udc
_cBK
999 _c3516
_d3516